000
00324nam a2200109 4500
008
b xx# fre u
040
_a
LB-BrCRDP
082
1
_a
684.08
_b
BOC
245
1
3
_a
Le livre de la fête
_b
Activité Bricolage Création
_c
Isabelle Bochot
942
_c
BK
999
_c
9596
_d
9596